Francisco Monge cuenta cuentos /
Uloženo v:
| Hlavní autoři: | , |
|---|---|
| Médium: | Neznámo |
| Témata: | |
| Tagy: |
Přidat tag
Žádné tagy, Buďte první, kdo vytvoří štítek k tomuto záznamu!
|
MARC
| LEADER | 000000000a22000000004500 | ||
|---|---|---|---|
| 001 | 004398 | ||
| 100 | 1 | |a Ducca Durán, Isabel | |
| 100 | 1 | |a Naranjo Gutiérrez, Carlos | |
| 245 | 1 | 0 | |a Francisco Monge cuenta cuentos / |c Isabel Ducca Durán, Carlos Naranjo Gutiérrez. |
| 310 | |a semestral | ||
| 650 | 4 | |a LITERATURA COSTARRICENSE | |
| 650 | 4 | |a CUENTOS | |
| 773 | 0 | |d Heredia, Costa Rica 0# |d Editorial de la Universidad Nacional0# |t Imágenes |g volumen 1, número 2 (1993), páginas 53-57 | |
| 942 | |c ARC | ||
| 999 | |c 11381 |d 11381 | ||
